[Event "Wch U20 Girls Blitz"]
[Site "Pula"]
[Date "2023.10.14"]
[Round "1"]
[White "Bordin, Silvia"]
[Black "Balabayeva, Kseniya"]
[Result "0-1"]
[WhiteElo "1942"]
[BlackElo "2192"]
[PlyCount "60"]
[EventDate "2023.10.14"]
[EventType "swiss (blitz)"]
[EventRounds "11"]
[EventCountry "ITA"]
[SourceTitle "Mega2024 Update 01"]
[Source "Chessbase"]
[SourceDate "2023.11.12"]
[SourceVersion "1"]
[SourceVersionDate "2023.11.12"]
[SourceQuality "1"]

1. e4 e6 2. d4 d5 3. e5 c5 4. c3 Nc6 5. Nf3 Qb6 6. Bd3 cxd4 7. 0-0 Bd7 8. Bc2 dxc3 9. Nxc3 Rc8 10. Rb1 h6 11. Be3 Qc7 12. Re1 a6 13. h3 Na5 14. Ba4 b5 15. Bb3 Nxb3 16. Qxb3 Bc5 17. Bf4 Ne7 18. Rbc1 Qb6 19. Re2 0-0 20. Qd1 Ng6 21. Bg3 b4 22. Na4 Bxa4 23. Qxa4 Bxf2+ 24. Bxf2 Rxc1+ 25. Kh2 Qb5 26. Qb3 a5 27. Qe3 Rcc8 28. Nh4 Nxh4 29. Bxh4 Qc4 30. Rf2 Qxh4 0-1

[Event "Wch U20 Girls Rapid"]
[Site "Pula"]
[Date "2023.10.11"]
[Round "7"]
[White "Bordin, Silvia"]
[Black "Vanduyfhuys, Daria"]
[Result "1-0"]
[WhiteElo "1942"]
[BlackElo "2088"]
[PlyCount "127"]
[EventDate "2023.10.10"]
[EventType "swiss (rapid)"]
[EventRounds "11"]
[EventCountry "ITA"]
[SourceTitle "Mega2024 Update 01"]
[Source "Chessbase"]
[SourceDate "2023.11.12"]
[SourceVersion "1"]
[SourceVersionDate "2023.11.12"]
[SourceQuality "1"]

1. e4 c5 2. Nf3 d6 3. d4 cxd4 4. Nxd4 Nf6 5. Nc3 a6 6. f4 e5 7. Nf3 Nbd7 8. a4 b6 9. Bd3 Bb7 10. 0-0 Be7 11. Qe1 0-0 12. Kh1 Qc7 13. fxe5 dxe5 14. Bg5 Rfe8 15. Nh4 h6 16. Bxf6 Nxf6 17. Nf5 Kh7 18. Rf3 Rad8 19. Rh3 Bc8 20. Qg3 Bxf5 21. exf5 a5 22. Rf1 Bf8 23. Ne4 Nxe4 24. Bxe4 Qc4 25. Qf3 Rd4 26. Bd3 Qxa4 27. f6+ g6 28. b3 Qd7 29. Qe2 Rd5 30. Re3 Rc5 31. Re4 Qd6 32. Rf3 Re6 33. Qf1 Qd8 34. Bc4 Rd6 35. Bd3 Rd4 36. Re2 Qc7 37. Rfe3 Rf4 38. Rf3 Qd6 39. Rxf4 exf4 40. Rf2 Qe5 41. Rxf4 Bd6 42. g3 Qh5 43. Rf3 Be5 44. Kg2 Qg5 45. Bc4 Rc6 46. Qf2 Kg8 47. h4 Qh5 48. Bd3 Qg4 49. Qe2 Qd4 50. Rf4 Qd6 51. Rf3 Bxf6 52. Qe8+ Kg7 53. Bc4 Rc7 54. Qe2 Re7 55. Qf1 Rd7 56. Bd3 Qd4 57. Rf4 Qe5 58. Rf3 Rd6 59. Rf2 b5 60. Bxb5 Qd5+ 61. Kh2 Bd4 62. Bc4 Qa8 63. Rxf7+ Kh8 64. Rf8+ 1-0

[Event "Mitropa Cup (Women)"]
[Site "Mali Losinj"]
[Date "2023.04.13"]
[Round "3.4"]
[White "Monpeurt, Cyrielle"]
[Black "Bordin, Silvia"]
[Result "1-0"]
[WhiteElo "2130"]
[BlackElo "2030"]
[PlyCount "101"]
[EventDate "2023.04.11"]
[EventType "team-tourn"]
[EventRounds "9"]
[EventCountry "CRO"]
[SourceTitle "CBM 213 Extra"]
[Source "ChessBase"]
[SourceDate "2023.05.31"]
[SourceVersion "1"]
[SourceVersionDate "2023.05.31"]
[SourceQuality "1"]
[WhiteTeam "France (W)"]
[BlackTeam "Italy (W)"]
[WhiteTeamCountry "FRA"]
[BlackTeamCountry "ITA"]

1. e4 e5 2. d4 exd4 3. Qxd4 Nc6 4. Qc4 Nf6 5. Nc3 Bb4 6. Bd2 0-0 7. 0-0-0 d6 8. f3 a5 9. Qe2 Be6 10. a3 Bc5 11. Qe1 Qb8 12. h4 Na7 13. h5 b5 14. h6 g6 15. Bg5 Nd7 16. Nd5 Bxd5 17. Rxd5 f6 18. Bd2 b4 19. Bc4 Kh8 20. a4 Nb6 21. Bb3 Qe8 22. Ne2 Nxd5 23. exd5 Qe7 24. Nf4 Qxe1+ 25. Rxe1 Rfe8 26. Ne6 Bb6 27. c3 bxc3 28. Bxc3 Rab8 29. Bxf6+ Kg8 30. Bc4 Kf7 31. Bc3 Bf2 32. Re2 Bb6 33. f4 Kg8 34. g4 Re7 35. f5 Rf7 36. Bd3 c6 37. fxg6 hxg6 38. Bxg6 Rf1+ 39. Kc2 Rh1 40. h7+ Rxh7 41. Bxh7+ Kxh7 42. Nf4 Rc8 43. Rh2+ Kg8 44. Rh8+ Kf7 45. Rh7+ Ke8 46. g5 Be3 47. g6 Bxf4 48. Rxa7 Be5 49. Bxe5 cxd5+ 50. Bc3 Kf8 51. Kd3 1-0

[Event "Wch U18 Girls"]
[Site "Mamaia"]
[Date "2022.09.10"]
[Round "5"]
[White "Bordin, Silvia"]
[Black "Guillo Longares, Cecilia"]
[Result "1-0"]
[WhiteElo "2025"]
[BlackElo "1987"]
[PlyCount "123"]
[EventDate "2022.09.06"]
[EventType "swiss"]
[EventRounds "11"]
[EventCountry "ROU"]
[SourceTitle "CBM 210 Extra"]
[Source "ChessBase"]
[SourceDate "2022.11.30"]
[SourceVersion "1"]
[SourceVersionDate "2022.11.30"]
[SourceQuality "1"]

1. e4 c5 2. Nf3 Nc6 3. d4 cxd4 4. Nxd4 g6 5. c4 Nf6 6. Nc3 Nxd4 7. Qxd4 d6 8. Be2 Bg7 9. Be3 0-0 10. Qd2 a5 11. 0-0 a4 12. Bd4 Qa5 13. Rad1 Bd7 14. Qe3 Bc6 15. h4 Nd7 16. Bxg7 Kxg7 17. h5 Qc5 18. h6+ Kh8 19. Qc1 Nf6 20. Nd5 Bxd5 21. exd5 Rfc8 22. Qc3 b5 23. Rfe1 b4 24. Qf3 Rf8 25. Bf1 Qa7 26. c5 Qxc5 27. Rxe7 Ng8 28. Rxf7 Rxf7 29. Qxf7 Nxh6 30. Qf6+ Kg8 31. Qe6+ Kg7 32. Qd7+ Kg8 33. Qc6 Rc8 34. Qxc5 Rxc5 35. Rd4 b3 36. Rxa4 bxa2 37. Rxa2 Kg7 38. Ra7+ Kf6 39. b4 Rxd5 40. b5 Rd1 41. Rxh7 Nf7 42. Rh3 Rb1 43. Rf3+ Ke6 44. g3 Ne5 45. Re3 Kd5 46. Kg2 Rb2 47. Re2 Rb1 48. Rd2+ Kc5 49. f4 Ng4 50. Bd3 Rb3 51. Bxg6 Ne3+ 52. Kh3 Rxb5 53. Kh4 d5 54. g4 Rb4 55. Kg5 Kd6 56. Rd3 Ng2 57. f5 Ke5 58. f6 Nf4 59. Re3+ Kd6 60. f7 Nxg6 61. Kxg6 Rf4 62. Re8 1-0

[Event "Bassano del Grappa Easter op-A 2nd"]
[Site "Bassano del Grappa"]
[Date "2022.04.18"]
[Round "9"]
[White "Bordin, Silvia"]
[Black "Okuyaz, Duru"]
[Result "0-1"]
[WhiteElo "1912"]
[BlackElo "2094"]
[PlyCount "60"]
[EventDate "2022.04.14"]
[EventType "swiss"]
[EventRounds "9"]
[EventCountry "ITA"]
[SourceTitle "EXT 2024"]
[Source "ChessBase"]
[SourceDate "2023.10.10"]
[SourceVersion "1"]
[SourceVersionDate "2023.10.10"]
[SourceQuality "1"]

1. e4 c6 2. d4 d5 3. e5 Bf5 4. h4 h5 5. c4 e6 6. Nc3 Ne7 7. Bg5 Qb6 8. Qd2 Nd7 9. cxd5 Nxd5 10. Nge2 Nb4 11. Ng3 Nc2+ 12. Kd1 Nxa1 13. Nxf5 exf5 14. Bc4 f6 15. exf6 0-0-0 16. fxg7 Bxg7 17. Bxd8 Rxd8 18. Kc1 Ne5 19. Be6+ Kb8 20. Kb1 c5 21. Bxf5 Nc4 22. Qe2 Nc2 23. Na4 N4a3+ 24. Kc1 Bh6+ 25. Kd1 Rxd4+ 26. Bd3 Qd8 27. Nxc5 Nb4 28. bxa3 Nxd3 29. Nxd3 Rxd3+ 30. Ke1 Bg7 0-1

[Event "Bassano del Grappa Easter op-A 2nd"]
[Site "Bassano del Grappa"]
[Date "2022.04.17"]
[Round "7"]
[White "Bordin, Silvia"]
[Black "Franciosi, Fausto"]
[Result "0-1"]
[WhiteElo "1912"]
[BlackElo "2214"]
[PlyCount "164"]
[EventDate "2022.04.14"]
[EventType "swiss"]
[EventRounds "9"]
[EventCountry "ITA"]
[SourceTitle "EXT 2024"]
[Source "ChessBase"]
[SourceDate "2023.10.10"]
[SourceVersion "1"]
[SourceVersionDate "2023.10.10"]
[SourceQuality "1"]

1. e4 e5 2. Nf3 Nf6 3. Nxe5 d6 4. Nf3 Nxe4 5. c4 Be7 6. d4 0-0 7. Bd3 Nf6 8. 0-0 Re8 9. Nc3 Bg4 10. a3 Nc6 11. Be2 d5 12. Ne5 Bxe2 13. Nxe2 dxc4 14. Nxc4 Qd5 15. Ne3 Qd7 16. b4 Rad8 17. Bb2 Bd6 18. h3 Ne7 19. Qc2 Ned5 20. Nc4 Qc6 21. Rac1 Rxe2 22. Qxe2 Nf4 23. Qf3 Qxf3 24. gxf3 Ne2+ 25. Kh1 Nxc1 26. Rxc1 Nd5 27. Re1 Kf8 28. Bc1 f6 29. Bd2 Kf7 30. Re4 c6 31. Kg2 Bc7 32. Kf1 h5 33. Re1 g5 34. Be3 Ne7 35. a4 a6 36. Nd2 Nd5 37. Rb1 Bd6 38. Nc4 Bxb4 39. a5 Rd7 40. f4 gxf4 41. Bxf4 Ke6 42. Be3 Kf5 43. Rb3 Be7 44. Ke2 Ke6 45. Kf3 Bd8 46. Ke2 Ne7 47. Kd3 Nf5 48. Ke4 Re7 49. Bd2 Rd7 50. Be3 Be7 51. Nb6 Nd6+ 52. Kd3 Rd8 53. Na4 Nb5 54. Ke4 Rd5 55. Nc5+ Bxc5 56. dxc5 Kd7 57. Rb2 Ke6 58. Rb3 Rd7 59. Rb2 Nc3+ 60. Kf3 Kf5 61. Rb4 Nd5 62. Rh4 Rh7 63. Bd2 Kg6 64. Re4 Re7 65. Rc4 Re5 66. Rc1 Kf5 67. Rb1 Re7 68. Rg1 Nc7 69. Rg8 Rh7 70. Be3 Ne6 71. Rg1 Re7 72. Rb1 Ke5 73. Rb2 Kf5 74. Rb1 Ke5 75. Rb2 f5 76. Rb4 Rf7 77. h4 Kd5 78. Rb1 f4 79. Rd1+ Ke5 80. Bc1 Nxc5 81. Re1+ Kd5 82. Rd1+ Kc4 0-1

[Event "ITA-ch (Women) 80th"]
[Site "Chianciano Terme"]
[Date "2021.12.10"]
[Round "6"]
[White "Raccanello, Marianna"]
[Black "Bordin, Silvia"]
[Result "1/2-1/2"]
[WhiteElo "2025"]
[BlackElo "1960"]
[PlyCount "49"]
[EventDate "2021.12.04"]
[EventType "tourn"]
[EventRounds "7"]
[EventCountry "ITA"]
[SourceTitle "CBM 205 Extra"]
[Source "ChessBase"]
[SourceDate "2022.01.31"]
[SourceVersion "1"]
[SourceVersionDate "2022.01.31"]
[SourceQuality "1"]

1. e4 e5 2. Nf3 Nc6 3. Bc4 Bc5 4. c3 Nf6 5. d3 d6 6. 0-0 0-0 7. Nbd2 a5 8. a4 h6 9. h3 Be6 10. Re1 Qe7 11. Bb3 Rad8 12. Bc2 Nh7 13. Nf1 Qf6 14. Be3 Bxe3 15. Nxe3 Ng5 16. Nxg5 Qxg5 17. Qf3 Ne7 18. Nd5 c6 19. Nxe7+ Qxe7 20. d4 Qc7 21. dxe5 dxe5 22. Qe3 b6 23. Red1 Rxd1+ 24. Rxd1 Rd8 25. Rxd8+ 1/2-1/2

[Event "ITA-ch (Women) 80th"]
[Site "Chianciano Terme"]
[Date "2021.12.07"]
[Round "4"]
[White "Bordin, Silvia"]
[Black "Cassi, Elisa"]
[Result "1-0"]
[WhiteElo "1960"]
[BlackElo "2058"]
[PlyCount "95"]
[EventDate "2021.12.04"]
[EventType "tourn"]
[EventRounds "7"]
[EventCountry "ITA"]
[SourceTitle "CBM 205 Extra"]
[Source "ChessBase"]
[SourceDate "2022.01.31"]
[SourceVersion "1"]
[SourceVersionDate "2022.01.31"]
[SourceQuality "1"]

1. e4 c6 2. d4 d5 3. e5 Bf5 4. h4 Qb6 5. g4 Bd7 6. Nc3 e6 7. Nce2 c5 8. c3 Nc6 9. Nf3 cxd4 10. cxd4 Rc8 11. h5 f6 12. Bh3 fxe5 13. dxe5 Bc5 14. 0-0 Nge7 15. a3 0-0 16. Kg2 Rxf3 17. Kxf3 Nxe5+ 18. Kg3 Bb5 19. f4 Nd3 20. Rf3 Bf2+ 21. Kh2 Ne1 22. Rc3 Rxc3 23. bxc3 Bd3 24. Ra2 Nf3+ 25. Kh1 Be4 26. Bg2 e5 27. Nd4 exd4 28. Rxf2 dxc3 29. Rxf3 Bxf3 30. Bxf3 d4 31. Be4 Qd6 32. Qd3 h6 33. Qc4+ Kf8 34. Kg2 Nc6 35. a4 Qb4 36. Qe6 Nd8 37. Qf5+ Ke7 38. Qe5+ Kf8 39. Qb5 Qe7 40. Qf5+ Nf7 41. Bd3 a6 42. Bc4 Ke8 43. Bxf7+ Qxf7 44. Qc8+ Ke7 45. Qxb7+ Ke8 46. Qc8+ Ke7 47. Ba3+ Kf6 48. Qf5# 1-0

[Event "Bassano del Grappa op 10"]
[Site "Bassano del Grappa"]
[Date "2020.10.24"]
[Round "3"]
[White "Cappelletto, Joshuaede"]
[Black "Bordin, Silvia"]
[Result "0-1"]
[WhiteElo "2142"]
[BlackElo "1905"]
[PlyCount "66"]
[EventDate "2020.10.23"]
[EventType "swiss"]
[EventRounds "5"]
[EventCountry "ITA"]
[SourceTitle "EXT 2022"]
[Source "ChessBase"]
[SourceDate "2021.10.06"]
[SourceVersion "1"]
[SourceVersionDate "2021.10.06"]
[SourceQuality "1"]

1. e4 e5 2. Nf3 Nc6 3. Bc4 Bc5 4. 0-0 Nf6 5. d3 d6 6. a4 a5 7. c3 Bg4 8. h3 Bh5 9. Re1 0-0 10. Nbd2 Kh8 11. Nf1 Nd7 12. Ng3 Bg6 13. d4 exd4 14. cxd4 Bb4 15. Bd2 Nb6 16. Bb5 Bxd2 17. Qxd2 Nb4 18. b3 c6 19. Bf1 f6 20. Rad1 Bf7 21. Qb2 Qc7 22. Nf5 Rad8 23. Rd2 Rfe8 24. Re3 Be6 25. N3h4 Rd7 26. d5 Bg8 27. dxc6 bxc6 28. Nf3 Nc8 29. g3 Ne7 30. Nxe7 Rdxe7 31. Qd4 d5 32. exd5 Bxd5 33. Rxe7 Rxe7 0-1

[Event "Bassano del Grappa op 10"]
[Site "Bassano del Grappa"]
[Date "2020.10.24"]
[Round "2"]
[White "Rindone, Andrea"]
[Black "Bordin, Silvia"]
[Result "1-0"]
[WhiteElo "2112"]
[BlackElo "1905"]
[PlyCount "89"]
[EventDate "2020.10.23"]
[EventType "swiss"]
[EventRounds "5"]
[EventCountry "ITA"]
[SourceTitle "EXT 2022"]
[Source "ChessBase"]
[SourceDate "2021.10.06"]
[SourceVersion "1"]
[SourceVersionDate "2021.10.06"]
[SourceQuality "1"]

1. d4 d5 2. c4 e6 3. Nc3 c6 4. cxd5 exd5 5. Nf3 Nf6 6. Bg5 Be7 7. Qc2 Be6 8. e3 Nbd7 9. Bd3 Bg4 10. 0-0 Bh5 11. Rab1 Bg6 12. Bxg6 hxg6 13. b4 Qc7 14. Bf4 Bd6 15. Nb5 cxb5 16. Qxc7 Bxc7 17. Bxc7 0-0 18. Ne5 Nxe5 19. dxe5 Ne4 20. Rbc1 Rac8 21. Rfd1 f6 22. Rxd5 fxe5 23. f3 Rf7 24. fxe4 Rfxc7 25. Rxc7 Rxc7 26. Rxe5 a6 27. Re8+ Kf7 28. Rb8 Kf6 29. Kf2 Rc2+ 30. Kf3 Rxa2 31. Rxb7 Rb2 32. Rb6+ Kf7 33. Rxa6 Rxb4 34. h4 Rb1 35. Kf4 b4 36. Kg5 Rg1 37. g4 b3 38. Rb6 Rb1 39. Rb7+ Ke6 40. Rxg7 Re1 41. Rxg6+ Ke5 42. Rb6 Rxe3 43. Rb4 Kd6 44. h5 Ke7 45. h6 1-0

[Event "Veneto-ch qf 79th"]
[Site "Padova"]
[Date "2020.02.22"]
[Round "3.12"]
[White "Bordin, Silvia"]
[Black "Ghiotto, Marco Luigi"]
[Result "0-1"]
[WhiteElo "1943"]
[BlackElo "2177"]
[PlyCount "66"]
[EventDate "2020.02.21"]
[EventType "swiss"]
[EventRounds "3"]
[EventCountry "ITA"]
[SourceTitle "EXT 2024"]
[Source "ChessBase"]
[SourceDate "2023.10.10"]
[SourceVersion "1"]
[SourceVersionDate "2023.10.10"]
[SourceQuality "1"]

1. e4 e6 2. Nf3 d5 3. Nc3 Nf6 4. e5 Nfd7 5. d4 c5 6. dxc5 Nc6 7. Bf4 Bxc5 8. Bd3 a6 9. Qe2 b5 10. 0-0 b4 11. Na4 Be7 12. c3 Qa5 13. Bc2 Rb8 14. cxb4 Nxb4 15. Bb3 0-0 16. Nd4 Bb7 17. Rac1 Nxa2 18. Ra1 Nb4 19. Rfc1 Rfc8 20. Nc5 Qd8 21. Nxd7 Qxd7 22. Rxc8+ Rxc8 23. Ba4 Qd8 24. Rc1 Rxc1+ 25. Bxc1 Qc7 26. Bd2 Qc4 27. Bc3 Na2 28. Be8 Nxc3 29. Bxf7+ Kxf7 30. Qh5+ Kg8 31. Qe8+ Bf8 32. Qxe6+ Kh8 33. bxc3 Qxc3 0-1